| 000 | 01131nmm a2200289 a 4500 | ||
|---|---|---|---|
| 003 | AR-BaBNM | ||
| 005 | 20251128203209.0 | ||
| 008 | 147019s1972 ||||||||||||||000 | spa|| | ||
| 040 | _cAR-BaBNM | ||
| 100 | 1 | _aSilverman, Robert E. | |
| 245 | 1 | 0 | _aCómo emplear la enseñanza programada en el aula |
| 250 | _a1ª ed. | ||
| 260 |
_aMéxico, D.F. _bPax _bCentro Regional de Ayuda Técnica. Agencia para el Desarrollo Internacional _c1972 |
||
| 300 | 0 |
_a48 p. _btablas |
|
| 500 | 0 | _aContiene apéndice | |
| 500 | 1 | _aEsta publicación ha sido preparada conjuntamente por la editorial y el Centro Regional de Ayuda Técnica, Agencia para el Desarrollo Internacional AID, Departamento de Estado del Gobierno de los Estados Unidos de América. El Centro es una organización dedi | |
| 504 | _aBibliografía: p. 34-35 | ||
| 650 | 4 | _aENSENANZA PROGRAMADA | |
| 650 | 4 | _aMETODOS DE ENSENANZA | |
| 650 | 4 | _aROL DEL DOCENTE | |
| 650 | 4 | _aDIFERENCIAS INDIVIDUALES | |
| 650 | 4 | _aCONTENIDO DEL PROGRAMA | |
| 653 | 0 | _aPROCESO DE ENSENANZA-APRENDIZAJE | |
| 700 | 1 |
_aMedrano C., Salvador _etraductor |
|
| 942 | _cBK | ||
| 998 | _csilvi | ||
| 999 |
_c2338 _d2338 |
||